000 00313nam a22001337a 4500
008 170425b xxu||||| |||| 00| 0 eng d
020 _a0471319252
041 _aeng
080 _a54
100 _a12
101 _aSHM
245 _aGUIDE MOERN METHODS OF INSTRUMENTAL ANALYSIS
_cGOUW.T.H
942 _2udc
_cBK
999 _c11845
_d11845